Guess the Fusion Rock Song Lyrics #39 - Statistics

General Stats
  • This quiz has been taken 20 times
  • The average score is 118 of 241
Answer Stats
Answer % Correct
a
100%
I
94%
You
94%
you
94%
can
88%
when
88%
an
81%
and
81%
be
81%
so
81%
the
81%
but
75%
is
75%
it
75%
me
75%
of
75%
Of
75%
to
75%
your
75%
day
69%
Don't
69%
don't
69%
her
69%
in
69%
love
69%
see
69%
some
69%
that
69%
what
69%
it's
63%
like
63%
Like
63%
never
63%
not
63%
tell
63%
There
63%
time
63%
at
56%
Blue
56%
from
56%
just
56%
say
56%
take
56%
you're
56%
Every
50%
girl
50%
had
50%
have
50%
if
50%
Ooh
50%
ooh
50%
she's
50%
try
50%
You'll
50%
you'll
50%
you've
50%
around
44%
care
44%
down
44%
dream
44%
eyes
44%
Going
44%
going
44%
seems
44%
true
44%
won't
44%
been
38%
Jackie
38%
life
38%
Ozark Mountain Daredevils
38%
think
38%
come
31%
doing
31%
hand
31%
inside
31%
Lives
31%
lovin
31%
Making
31%
smile
31%
thing
31%
What's
31%
you'd
31%
You'd
31%
again
25%
easy
25%
free
25%
game
25%
Hey
25%
hey
25%
lost
25%
Makes
25%
sing
25%
sun
25%
they've
25%
wearin
25%
Ask
19%
enough
19%
find
19%
frown
19%
fun
19%
lose
19%
through
19%
wishes
19%
world
19%
aware
13%
cup
13%
drag
13%
hoo
13%
Hoo
13%
inch
13%
mile
13%
places
13%
playing
13%
room
13%
sand
13%
strawberry
13%
wine
13%
fill
6%
Floating
6%
form
6%
Hides
6%
indigo
6%
Moonlight
6%
music
6%
natural
6%
probably
6%
quite
6%
rise
6%
set
6%
siftin
6%
slips
6%
stars
6%
style
6%
watch
6%
winner
6%
No matching quizzes found
Score Distribution
Percent of People with Each Score
Percentile by Number Answered
Your Score History
You have not taken this quiz